| 000 | 01553cam a22003014a 4500 | ||
|---|---|---|---|
| 001 | 6343 | ||
| 003 | FISKH | ||
| 005 | 20250423093436.0 | ||
| 008 | 101026s2011 nyua j b 001 0 eng | ||
| 010 | _a 2010045930 | ||
| 020 | _a9780531206287 (hardcover) | ||
| 020 | _a9780531289976 | ||
| 020 | _a9780531290279 (softcover) | ||
| 040 |
_aDLC _cDLC _dDLC _beng |
||
| 050 | _aQE523.K73 B46 | ||
| 082 | _a551.2109598 | ||
| 100 | 1 |
_aBenoit, Peter, _d1955- |
|
| 245 | 1 | 4 |
_aThe Krakatau eruption / _cPeter Benoit. |
| 260 |
_aNew York : _bScholastic, _c2011. |
||
| 300 |
_a48 pages : _bcolor illustrations ; _c22 cm |
||
| 490 | 0 | _aA true book | |
| 504 | _aIncludes bibliographical references (p. 44) and index. | ||
| 505 | 0 | _aAn amazing explosion : what makes Krakatau a famous volcanic island? -- Events leading up to August 1883 : what was the period just before the big blast like? -- A day of destruction : what exactly happened on August 27, 1883? -- The big truth : experiencing a volcano's fury : what was it like to live through the destruction of Krakatau? -- Other effects of the eruptions : how did the eruptions on Krakatau change climate and geography? -- Keeping an eye on Krakatau : what do scientists think about the 1883 eruptions and future dangers? -- True statistics -- Important words. | |
| 650 | 0 |
_aVolcanoes _zIndonesia _zKrakatoa _xHistory _y19th century _vJuvenile literature. |
|
| 651 | 0 |
_aKrakatoa (Indonesia) _xEruption, 1883 _vJuvenile literature. |
|
| 906 |
_a7 _bcbc _corignew _d1 _eecip _f20 _gy-gencatlg |
||
| 942 |
_2ddc _cBK _n0 |
||
| 999 |
_c6343 _d6343 |
||